[Event "XVI Gran Hotel Bali 2017"]
[Site "Benidorm"]
[Date "2017.12.05"]
[Round "6"]
[White "Gajic, Mladen"]
[Black "Lorenzo Duran, Marcos"]
[Result "1-0"]
[WhiteElo "2300"]
[BlackElo "2187"]
[Annotator "TA"]
[PlyCount "61"]
[EventDate "2017.??.??"]
[EventType "swiss"]
[EventCountry "ESP"]
[SourceTitle "playchess.com"]
[Source "ChessBase"]
[SourceQuality "1"]

{[%evp 17,61,44,68,61,68,57,66,42,58,12,16,0,14,25,14,31,45,0,40,20,39,19,58,63,95,51,37,45,97,95,175,175,297,287,298,257,749,739,1083,1037,1012,986,1558,1567,29990,29989]} 1. e4 e5 2. d4 exd4 3. Qxd4 Nc6 4. Qe3 Nf6 5. Bd2 Bb4 6. Nc3 O-O 7. O-O-O Re8 8. Qg3 d6 9. f3 Be6 {LiveBook: 3 Games. C22: Centre Game} 10. h4 Kh8 11. h5 h6 {White is slightly better.} 12. Nge2 $146 ({Predecessor:} 12. Qh2 Ne5 13. g4 Nh7 14. Qg3 Bc4 15. Bg2 Ba6 16. a3 Bc5 17. Na4 {1-0 (37) Kislinsky,A (2454)-Tugaj,S (2239) Rodatychi 2006}) 12... Ne5 13. Nf4 (13. a3 $5 {[%cal Ra3b4]} Ba5 14. Nf4 $11) 13... Bc4 14. Nd3 Nxd3+ (14... Bxd3 {with more complications.} 15. Bxd3 d5 16. Be2 c6 17. exd5 cxd5 18. Kb1 a6) 15. Bxd3 Bxd3 16. cxd3 c6 17. f4 $40 {[%mdl 128] Black needs to defend precisely.} d5 {[%cal Rd5e4]} 18. e5 Nd7 19. Qf3 Nc5 20. Kb1 $1 Qb6 21. Rc1 d4 22. Ne4 Ba3 (22... Nxe4 $14 23. Bxb4 a5) 23. Rc2 $16 {aiming for Nd6.} Na4 {[#]} (23... Nxe4 $16 {might work better.} 24. Qxe4 Rad8) 24. Bc1 $1 $18 Rad8 (24... Nc3+ $142 25. Nxc3 dxc3) 25. Ka1 Bf8 {[#]} 26. g4 $1 Rd5 $2 (26... Nc5 27. Nxc5 Bxc5) 27. g5 Re6 28. gxh6 Rxh6 29. f5 Rxe5 30. Bxh6 gxh6 31. Qg3 {Precision: White = 71%, Black = 13%.} 1-0

[Event "XVI Gran Hotel Bali 2017"]
[Site "Benidorm"]
[Date "2017.12.05"]
[Round "6"]
[White "Olhovik, Andrei"]
[Black "Saenz Narciso, Miguel Angel"]
[Result "1/2-1/2"]
[WhiteElo "2299"]
[BlackElo "2228"]
[Annotator "NA RC"]
[PlyCount "62"]
[EventDate "2017.??.??"]
[EventType "swiss"]
[EventCountry "ESP"]
[SourceTitle "playchess.com"]
[Source "ChessBase"]
[SourceQuality "1"]
[TimeControl "5400+30"]

{[%evp 8,50,29,41,55,48,70,33,41,32767,61,29,26,29,45,20,32767,27,32767,32767,32767,47,53,57,56,17,20,32767,32767,0,43,0,23,31,41,32767,32767,23,32767,32767,32767,32767,32767,32767,43]} 1. d4 {[%emt 0:00:00]} Nf6 {[%emt 0:00:12]} 2. c4 {[%emt 0:00:00]} c5 {[%emt 0:00:11]} 3. d5 {[%emt 0:00:10]} b5 {[%emt 0:00:09]} 4. cxb5 {[%emt 0:00:20]} a6 {[%emt 0:00:05]} 5. bxa6 {[%emt 0:00:04]} g6 {[%emt 0:00:05]} 6. Nc3 {[%emt 0:00:05]} Bxa6 {[%emt 0:00:12]} 7. Nf3 {[%emt 0:00:06]} Bg7 {[%emt 0:00:19]} 8. Nd2 {[%emt 0:00:20] A58: Benko/Volga Gambit: Lines with 5 bxa6} (8. e4 Bxf1 9. Kxf1 d6 10. g3 O-O 11. Kg2 Na6 12. Qe2 Qb6 13. Rd1 Qb7 14. Rb1 Nd7 15. Bg5 Rfe8 16. a3 Nc7 17. Qc2 Nb6 18. a4 Rac8 19. b3 e6 20. dxe6 Nxe6 {1-0 (27) Jakovenko,D (2714)-Zvjaginsev,V (2673) Moscow 2016}) 8... O-O {[%emt 0:03:59]} (8... e6 $11) 9. e4 {[%emt 0:00:10]} Bxf1 {[%emt 0:01:43]} 10. Nxf1 {[%emt 0:00:07]} Qa5 {[%emt 0:05:52]} 11. Bd2 {[%emt 0:00:29]} d6 {[%emt 0:05:47]} 12. Ne3 {[%emt 0:02:38] LiveBook: 10 Games} Qa6 {[%emt 0:00:37]} 13. Qe2 {[%emt 0:00:23]} Nbd7 {[%emt 0:01:37]} 14. Qxa6 {[%emt 0:10:36]} Rxa6 {[%emt 0:00:06]} 15. Ke2 $146 {[%emt 0:07:32]} ({Predecessor:} 15. Kd1 Rb8 16. Kc2 Nb6 17. a4 Nfd7 18. a5 Nc8 {1-0 (31) Reshetkov,K (2138)-Shteinberg,B (2230) Odessa 2008}) 15... Rb8 {[%emt 0:05:50]} 16. Rab1 {[%emt 0:01:09]} Nh5 {[%emt 0:05:23]} 17. Ned1 {[%emt 0:11:32]} Ne5 {[%emt 0:11:39]} 18. f3 {[%emt 0:16:12]} Nc4 {[%emt 0:03:37]} 19. Kd3 {[%emt 0:03:58]} Nxd2 {[%emt 0:04:57]} (19... Bxc3 $5 20. Nxc3 Rxb2 $11) 20. Kxd2 {[%emt 0:00:46]} Bd4 {[%emt 0:06:00]} 21. Kc2 {[%emt 0:05:34]} f5 {[%emt 0:01:16]} 22. Re1 {[%emt 0:03:43]} Kf7 {[%emt 0:03:58]} 23. a4 {[%emt 0:06:53]} fxe4 {[%emt 0:01:28]} 24. fxe4 {[%emt 0:01:37]} Nf6 {[%emt 0:00:18]} 25. b3 {[%emt 0:00:59]} Be5 $14 {[%emt 0:02:33]} 26. g3 {[%emt 0:04:20]} Rb4 {[%emt 0:00:28]} 27. Re2 {[%emt 0:08:22]} Ra8 {[%emt 0:01:09]} 28. Kd3 {[%emt 0:02:17]} Rab8 {[%emt 0:04:17]} 29. Kc2 {[%emt 0:03:19]} Ra8 {[%emt 0:01:34]} 30. Kd3 {[%emt 0:00:57]} Rab8 {[%emt 0:02:17]} 31. Kc2 {[%emt 0:00:35]} Ra8 {[%emt 0:01:20]} 1/2-1/2

[Event "XVI Gran Hotel Bali 2017"]
[Site "Benidorm"]
[Date "2017.12.05"]
[Round "6"]
[White "Iglesias, Jorge"]
[Black "Levay, Sorin"]
[Result "1-0"]
[WhiteElo "2291"]
[BlackElo "2196"]
[Annotator "NA RC"]
[PlyCount "69"]
[EventDate "2017.??.??"]
[EventType "swiss"]
[EventCountry "ESP"]
[SourceTitle "playchess.com"]
[Source "ChessBase"]
[SourceQuality "1"]
[TimeControl "5400+30"]

1. c4 {[%emt 0:00:00]} c5 {[%emt 0:00:09]} 2. Nf3 {[%emt 0:00:00]} Nc6 {[%emt 0:00:07]} 3. Nc3 {[%emt 0:00:00]} g6 {[%emt 0:00:09]} 4. e3 {[%emt 0:00:48]} Bg7 {[%emt 0:00:10]} 5. d4 {[%emt 0:00:46]} d6 {[%emt 0:00:09]} 6. Be2 {[%emt 0:01:27]} Nh6 {[%emt 0:00:12] A35: Symmetrical English: 2 Nc3 Nc6 3 Nf3} (6... f5 7. O-O Nf6 8. d5 Nb4 9. a3 Na6 10. Rb1 O-O 11. b4 Kh8 12. Qb3 b6 13. Bb2 Nc7 14. Rfd1 {1-0 (53) Kramnik,V (2783)-Kamsky,G (2683) Sochi 2015}) 7. d5 {[%emt 0:08:29] LiveBook: 9 Games} Nb8 {[%emt 0:04:16]} 8. h3 {[%emt 0:07:12]} O-O {[%emt 0:00:37]} 9. O-O {[%emt 0:00:30]} Na6 $146 {[%emt 0:00:13]} ({Predecessor:} 9... a6 10. a3 e5 11. dxe6 fxe6 12. e4 Nc6 13. Be3 Nf7 14. Qd2 {0-1 (43) Llorente,J-Rosabal,Y (2268) Granma 1999}) 10. e4 {[%emt 0:03:00]} Nc7 {[%emt 0:01:14]} 11. Bf4 {[%emt 0:03:25]} f6 {[%emt 0:00:34]} 12. Re1 {[%emt 0:05:04]} Nf7 {[%emt 0:00:08]} 13. Bf1 {[%emt 0:00:58]} a6 {[%emt 0:00:49]} 14. Rb1 {[%emt 0:03:58]} b6 {[%emt 0:31:06]} 15. a3 {[%emt 0:02:14]} a5 {[%emt 0:02:14]} 16. b3 {[%emt 0:09:49]} Bd7 {[%emt 0:00:51]} 17. Nb5 {[%emt 0:08:48]} Nxb5 {[%emt 0:01:19]} 18. cxb5 {[%emt 0:00:09]} Qe8 {[%emt 0:00:25]} 19. a4 {[%emt 0:01:09]} Qb8 {[%emt 0:01:22]} 20. Rc1 {[%emt 0:00:38]} Qa7 {[%emt 0:00:25]} 21. Nd2 {[%emt 0:07:34]} Rad8 {[%emt 0:00:22]} 22. Nc4 {[%emt 0:00:51]} Qb7 {[%emt 0:02:38]} 23. Be2 {[%emt 0:06:18]} Kh8 {[%emt 0:11:07]} 24. Bg4 {[%emt 0:02:45]} Be8 {[%emt 0:00:11]} 25. h4 {[%emt 0:03:45]} Qb8 {[%emt 0:02:40]} 26. Be6 {[%emt 0:03:53]} h5 {[%emt 0:04:06]} 27. Rc3 {[%emt 0:02:30]} g5 {[%emt 0:04:34]} 28. Bd2 {[%emt 0:02:00]} g4 {[%emt 0:01:57]} 29. f3 $18 {[%emt 0:01:17]} Bd7 {[%emt 0:04:28]} 30. fxg4 {[%emt 0:04:34]} Bxe6 {[%emt 0:00:07]} 31. dxe6 {[%emt 0:00:16]} Ne5 {[%emt 0:00:08]} 32. Nxe5 {[%emt 0:03:50]} dxe5 {[%emt 0:00:15]} 33. g5 {[%emt 0:00:19]} fxg5 {[%emt 0:01:51]} 34. Qxh5+ {[%emt 0:01:07]} Kg8 {[%emt 0:00:03]} 35. Qxg5 {[%emt 0:00:48]} 1-0

[Event "XVI Gran Hotel Bali 2017"]
[Site "Benidorm"]
[Date "2017.12.05"]
[Round "6"]
[White "Ayats Llobera, Gerard"]
[Black "Alvarez Morales, Miguel"]
[Result "1-0"]
[WhiteElo "2285"]
[BlackElo "2156"]
[Annotator "NA RC"]
[PlyCount "101"]
[EventDate "2017.??.??"]
[EventType "swiss"]
[EventCountry "ESP"]
[SourceTitle "playchess.com"]
[Source "ChessBase"]
[SourceQuality "1"]
[TimeControl "5400+30"]

1. e4 {[%emt 0:00:00]} Nf6 {[%emt 0:00:11]} 2. e5 {[%emt 0:00:10]} Nd5 {[%emt 0:00:06]} 3. d4 {[%emt 0:00:04]} d6 {[%emt 0:00:06]} 4. Nf3 {[%emt 0:02:14]} Nc6 {[%emt 0:00:26]} 5. c4 {[%emt 0:17:22] LiveBook: 261 Games} Nb6 {[%emt 0:00:02]} 6. exd6 {[%emt 0:00:06]} exd6 {[%emt 0:00:04]} 7. Be3 {[%emt 0:00:14] B04: Aljechin-Verteidigung (Moderne Variante)} (7. Be2 Be7 8. O-O O-O 9. h3 Bf6 10. Nc3 Re8 11. Re1 Bf5 12. a3 d5 13. c5 Nc8 14. Bf4 N8e7 15. Bf1 Qd7 16. b4 Ng6 17. Rxe8+ Rxe8 18. Bg3 Be4 {0-1 (60) Grigoriants,S (2576)-Nakamura,H (2786) chess.com INT 2017}) 7... Bg4 {[%emt 0:00:08]} 8. h3 {[%emt 0:01:08]} Bh5 {[%emt 0:00:16]} 9. Nbd2 {[%emt 0:09:39]} Bg6 $146 {[%emt 0:02:36]} ({Vorgänger:} 9... Be7 10. Be2 O-O 11. Nh2 Bg6 12. O-O Nb4 13. a3 Nc2 14. Rc1 Nxe3 15. fxe3 {0-1 (46) Voronin,M (1986)-Sedenko,A (2047) Voronezh 2010}) 10. a3 {[%emt 0:02:21]} a5 {[%emt 0:01:34]} 11. d5 {[%emt 0:00:46]} Nb8 {[%emt 0:00:42]} 12. Nb3 {[%emt 0:16:46]} Be7 {[%emt 0:01:02]} 13. Bd3 {[%emt 0:00:45]} Bf6 {[%emt 0:00:38]} 14. Nbd4 {[%emt 0:02:48]} Na6 {[%emt 0:01:42]} 15. O-O {[%emt 0:07:03]} O-O {[%emt 0:01:23]} 16. b3 {[%emt 0:03:48]} Bxd3 {[%emt 0:02:23]} 17. Qxd3 {[%emt 0:01:24]} Nc5 {[%emt 0:00:13]} 18. Qc2 {[%emt 0:00:22]} a4 {[%emt 0:00:37]} 19. b4 {[%emt 0:07:56]} Nb3 $1 {[%emt 0:02:48]} 20. Rad1 {[%emt 0:00:18]} Nxd4 {[%emt 0:00:14]} 21. Nxd4 {[%emt 0:00:54]} Bg5 {[%emt 0:03:10]} 22. f4 {[%emt 0:05:49]} Bf6 {[%emt 0:02:19]} 23. Nf5 {[%emt 0:00:09]} Re8 {[%emt 0:01:19]} 24. g4 {[%emt 0:01:58]} (24. Rf3 $16) 24... g6 {[%emt 0:01:09]} 25. Nh6+ {[%emt 0:01:27]} Kg7 {[%emt 0:00:15]} 26. Bxb6 {[%emt 0:00:17]} cxb6 {[%emt 0:00:11]} 27. g5 {[%emt 0:00:13]} Bxg5 {[%emt 0:00:58]} 28. Nxf7 {[%emt 0:00:32]} Kxf7 {[%emt 0:00:11]} 29. fxg5+ {[%emt 0:00:01]} Kg7 {[%emt 0:00:58]} 30. Rf6 {[%emt 0:01:20]} Re5 {[%emt 0:00:31]} 31. Rdf1 {[%emt 0:02:49]} Rxg5+ {[%emt 0:00:43]} 32. Kh2 {[%emt 0:01:32]} Qxf6 {[%emt 0:11:05]} 33. Rxf6 {[%emt 0:00:02]} Kxf6 {[%emt 0:00:04]} 34. Qf2+ {[%emt 0:00:20]} Rf5 {[%emt 0:03:24]} 35. Qxb6 {[%emt 0:04:13]} Rf8 {[%emt 0:01:29]} 36. Qxd6+ {[%emt 0:01:52]} Kg7 {[%emt 0:00:13]} 37. Qg3 {[%emt 0:01:20]} Rf3 {[%emt 0:03:14]} 38. Qe5+ {[%emt 0:00:51]} Kh6 {[%emt 0:00:41]} 39. d6 {[%emt 0:01:48]} R8f4 {[%emt 0:02:44]} 40. Qd5 {[%emt 0:04:04]} Rf5 {[%emt 0:22:29]} 41. Qe4 $11 {[%emt 0:00:17]} (41. Qd1 $18) 41... R5f4 {[%emt 0:00:25]} 42. Qd5 {[%emt 0:01:06]} Rf5 {[%emt 0:00:04]} 43. Qd2+ {[%emt 0:00:42]} g5 {[%emt 0:02:05]} 44. Kg2 {[%emt 0:00:25]} Rf7 {[%emt 0:09:06]} 45. d7 {[%emt 0:00:21]} Rf2+ {[%emt 0:00:09]} 46. Qxf2 {[%emt 0:00:01]} Rxd7 {[%emt 0:00:05]} 47. Qf8+ {[%emt 0:00:28]} Kg6 {[%emt 0:00:25]} 48. Qe8+ {[%emt 0:00:04]} Rf7 {[%emt 0:00:01]} 49. Qxa4 {[%emt 0:00:06]} h5 {[%emt 0:00:07]} 50. Qe8 {[%emt 0:00:24]} Kf6 {[%emt 0:00:02]} 51. c5 {[%emt 0:00:16]} 1-0

[Event "XVI Gran Hotel Bali 2017"]
[Site "Benidorm"]
[Date "2017.12.05"]
[Round "6"]
[White "Serna Lara, Sergio"]
[Black "Ibanez Aullana, Ramon"]
[Result "1-0"]
[WhiteElo "2224"]
[BlackElo "2295"]
[Annotator "NA RC"]
[PlyCount "49"]
[EventDate "2017.??.??"]
[EventType "swiss"]
[EventCountry "ESP"]
[SourceTitle "playchess.com"]
[Source "ChessBase"]
[SourceQuality "1"]
[TimeControl "5400+30"]

1. d4 {[%emt 0:02:19]} f5 {[%emt 0:05:19]} 2. g3 {[%emt 0:01:57]} Nf6 {[%emt 0:00:58]} 3. Bg2 {[%emt 0:00:10]} g6 {[%emt 0:00:25]} 4. c3 {[%emt 0:05:01]} Bg7 {[%emt 0:01:29]} 5. Qb3 {[%emt 0:00:14]} c6 {[%emt 0:01:29]} 6. Nh3 {[%emt 0:01:06]} Na6 {[%emt 0:13:37]} 7. Nd2 {[%emt 0:06:50]} Nc7 {[%emt 0:05:32]} 8. Ng5 {[%emt 0:07:52]} Rf8 {[%emt 0:11:16]} 9. e4 {[%emt 0:11:16]} fxe4 {[%emt 0:23:10]} (9... h6 $14) 10. Ndxe4 {[%emt 0:02:38]} h6 {[%emt 0:05:14]} 11. Nh3 {[%emt 0:20:30]} Ne6 {[%emt 0:01:31]} 12. O-O {[%emt 0:01:41]} Qa5 {[%emt 0:05:12]} 13. Nxf6+ {[%emt 0:11:16]} exf6 {[%emt 0:03:04]} 14. d5 {[%emt 0:01:57]} cxd5 {[%emt 0:03:02]} 15. Nf4 {[%emt 0:01:11]} Kf7 {[%emt 0:03:13]} 16. Bxd5 $18 {[%emt 0:01:59]} ({Bloß nicht} 16. Nxd5 Kg8 $18) ({Viel schwächer ist} 16. Qxd5 $6 Qxd5 17. Bxd5 (17. Nxd5 d6 $16) 17... g5 $16) 16... Re8 {[%emt 0:00:40]} 17. Be3 {[%emt 0:03:13]} Rb8 {[%emt 0:01:36]} 18. Rfe1 {[%emt 0:00:59]} b6 {[%emt 0:02:05]} 19. Rad1 {[%emt 0:01:44]} Re7 {[%emt 0:02:34]} 20. Qc2 {[%emt 0:08:05]} f5 {[%emt 0:00:45]} 21. g4 {[%emt 0:00:35]} Bb7 {[%emt 0:01:07]} 22. Nxg6 {[%emt 0:01:52]} fxg4 {[%emt 0:02:27]} 23. Qf5+ {[%emt 0:02:35]} Ke8 {[%emt 0:00:15]} 24. Nxe7 {[%emt 0:00:44]} Kxe7 {[%emt 0:00:09]} 25. b4 {[%emt 0:00:15]} 1-0

[Event "XVI Gran Hotel Bali 2017"]
[Site "Benidorm"]
[Date "2017.12.05"]
[Round "6"]
[White "Picazo Lopez, Juan Antonio"]
[Black "Moreno Ibanez, Miguel"]
[Result "1-0"]
[WhiteElo "2204"]
[BlackElo "2272"]
[Annotator "NA RC"]
[PlyCount "121"]
[EventDate "2017.??.??"]
[EventType "swiss"]
[EventCountry "ESP"]
[SourceTitle "playchess.com"]
[Source "ChessBase"]
[SourceQuality "1"]
[TimeControl "5400+30"]

1. d4 {[%emt 0:02:46]} Nf6 {[%emt 0:01:43]} 2. c4 {[%emt 0:01:27]} c5 {[%emt 0:00:36]} 3. d5 {[%emt 0:02:40]} g6 {[%emt 0:00:30]} 4. Nc3 {[%emt 0:02:40]} Bg7 {[%emt 0:00:58]} 5. g3 {[%emt 0:02:27]} (5. e4 $14) 5... O-O {[%emt 0:01:35]} 6. Bg2 {[%emt 0:00:05]} d6 {[%emt 0:01:21]} 7. e4 {[%emt 0:03:53]} e6 {[%emt 0:05:50]} 8. Nge2 {[%emt 0:04:20]} exd5 {[%emt 0:04:26]} 9. cxd5 {[%emt 0:11:08]} Re8 {[%emt 0:01:17]} 10. a4 {[%emt 0:00:37] A60: Modern Benoni: Early Divergences} Na6 {[%emt 0:01:37] LiveBook: 8 Games} 11. O-O {[%emt 0:00:19]} Nb4 {[%emt 0:01:44]} (11... c4 12. Be3 Ng4 13. Bd4 Ne5 14. Qd2 Nb4 15. Nb5 Nbd3 16. f4 Ng4 17. Bxg7 Kxg7 {1-0 (62) Li,C (2720)-Szabo,G (2549) chess.com INT 2017}) 12. h3 {[%emt 0:03:31]} b6 {[%emt 0:04:10]} 13. Bg5 {[%emt 0:02:53]} h6 {[%emt 0:05:09]} 14. Be3 {[%emt 0:01:00]} Ba6 {[%emt 0:00:55]} 15. Qd2 {[%emt 0:06:53]} Kh7 {[%emt 0:05:41] [#]} 16. g4 $146 {[%emt 0:10:45]} (16. Rfd1 $11 {keeps the balance.}) ({Predecessor:} 16. Rfe1 Qe7 17. Nc1 Rad8 {1-0 (44) Burmakin,V (2550)-Mojzis,J (2250) Schwarzach 1997}) 16... Nd7 {[%emt 0:09:29]} 17. f4 {[%emt 0:03:38]} (17. Nb5 $11) 17... f5 {[%emt 0:06:00]} 18. g5 {[%emt 0:04:37]} Bd3 {[%emt 0:06:39]} 19. h4 {[%emt 0:01:30]} Nf8 {[%emt 0:10:10]} 20. Ng3 {[%emt 0:02:23]} h5 {[%emt 0:13:01]} 21. Kh1 {[%emt 0:03:58]} Qd7 {[%emt 0:04:33]} 22. Bh3 {[%emt 0:00:51]} Qf7 {[%emt 0:02:31]} 23. Rg1 {[%emt 0:05:35]} ({Lieber} 23. Bg1 $14) 23... Bxe4+ {[%emt 0:05:01]} 24. Ncxe4 $15 {[%emt 0:04:34]} (24. Ngxe4 $16 fxe4 25. f5) 24... Qxd5 {[%emt 0:02:14]} ({Weaker is} 24... fxe4 25. f5 $14) 25. Qe2 {[%emt 0:08:24]} Rxe4 {[%emt 0:02:12]} 26. Nxe4 {[%emt 0:00:39]} Qxe4+ {[%emt 0:03:30]} 27. Bg2 {[%emt 0:00:11]} Qe8 {[%emt 0:00:02]} 28. Bxa8 {[%emt 0:00:35]} Qxa8+ {[%emt 0:00:01]} 29. Qg2 {[%emt 0:00:14]} Qe4 {[%emt 0:01:22]} 30. Qxe4 {[%emt 0:04:29]} fxe4 {[%emt 0:00:01]} 31. Rad1 {[%emt 0:00:16]} d5 {[%emt 0:00:22]} 32. b3 {[%emt 0:00:37]} d4 {[%emt 0:00:43]} 33. Bd2 {[%emt 0:00:35]} Nd5 {[%emt 0:00:58]} 34. Rge1 {[%emt 0:01:20]} e3 {[%emt 0:00:11]} 35. Bc1 {[%emt 0:00:06]} Ne6 {[%emt 0:00:37]} 36. Kg2 {[%emt 0:00:31]} Nc3 {[%emt 0:00:32]} 37. Kf3 {[%emt 0:00:59]} Nxd1 {[%emt 0:00:42]} 38. Rxd1 {[%emt 0:00:00]} Kg8 39. Ke4 {[%emt 0:00:15]} Kf7 {[%emt 0:01:01]} 40. Rf1 {[%emt 0:00:31]} Ke7 {[%emt 0:00:28]} 41. Kd3 {[%emt 0:03:00]} Nd8 {[%emt 0:00:36]} 42. f5 {[%emt 0:00:52]} gxf5 {[%emt 0:00:01]} 43. Rxf5 {[%emt 0:00:05]} Ke6 {[%emt 0:00:11]} 44. Rf1 {[%emt 0:02:08]} Nf7 {[%emt 0:00:06]} 45. a5 {[%emt 0:00:50]} b5 {[%emt 0:00:28]} 46. Ba3 {[%emt 0:01:06]} Ne5+ {[%emt 0:00:20]} 47. Ke4 {[%emt 0:00:31]} e2 {[%emt 0:00:36]} 48. Re1 {[%emt 0:00:14]} d3 {[%emt 0:00:04]} 49. Bc1 {[%emt 0:00:32]} c4 {[%emt 0:00:17]} 50. bxc4 {[%emt 0:00:01]} bxc4 {[%emt 0:00:07]} 51. Bd2 {[%emt 0:00:05]} c3 {[%emt 0:02:47]} 52. Bxc3 {[%emt 0:00:46]} Nf3 {[%emt 0:00:30]} 53. Kxd3 {[%emt 0:00:38]} Bxc3 {[%emt 0:00:32]} 54. Rxe2+ {[%emt 0:00:01]} Be5 {[%emt 0:00:18]} 55. g6 {[%emt 0:00:06]} Kf5 {[%emt 0:00:43]} 56. Rf2 {[%emt 0:00:35]} Kg4 {[%emt 0:00:31]} 57. Ke4 {[%emt 0:00:25]} Nxh4 {[%emt 0:00:28]} 58. Rg2+ {[%emt 0:01:06]} Kh3 {[%emt 0:00:32]} 59. Kxe5 {[%emt 0:00:11]} Kxg2 60. g7 {[%emt 0:00:10]} Nf3+ {[%emt 0:01:00]} 61. Ke4 1-0

[Event "XVI Gran Hotel Bali 2017"]
[Site "Benidorm"]
[Date "2017.12.05"]
[Round "6"]
[White "Cubas Pons, Juan Miguel"]
[Black "Lornye, Pylyp"]
[Result "0-1"]
[WhiteElo "2187"]
[BlackElo "2264"]
[Annotator "NA RC"]
[PlyCount "76"]
[EventDate "2017.??.??"]
[EventType "swiss"]
[EventCountry "ESP"]
[SourceTitle "playchess.com"]
[Source "ChessBase"]
[SourceQuality "1"]
[TimeControl "5400+30"]

1. d4 {[%emt 0:00:00]} g6 {[%emt 0:00:08]} 2. c4 {[%emt 0:00:00]} Nf6 {[%emt 0:00:08]} 3. Nc3 {[%emt 0:00:00]} Bg7 {[%emt 0:00:07]} 4. e4 {[%emt 0:00:06]} d6 {[%emt 0:00:08]} 5. Nf3 {[%emt 0:00:32]} O-O {[%emt 0:00:11]} 6. Be2 {[%emt 0:00:03]} e5 {[%emt 0:00:24] LiveBook: 29540 Games} 7. O-O {[%emt 0:01:06]} exd4 {[%emt 0:00:26]} 8. Nxd4 {[%emt 0:00:29]} Re8 {[%emt 0:00:12]} 9. f3 {[%emt 0:01:55]} Nc6 {[%emt 0:00:33]} 10. Nb3 {[%emt 0:02:20] E94: King's Indian: Classical: 6 Be2 e5 7 0-0: Various Black 7th moves} (10. Be3 $14 Nh5 11. Qd2 Nf4 12. Rfd1 Nxd4 13. Bxd4 Bxd4+ 14. Qxd4 Nxe2+ 15. Nxe2 b6 16. Nc3 Bb7 17. Nd5 Bxd5 18. cxd5 Qg5 19. Rac1 Rac8 20. Qd2 Qe5 21. Qd4 Qg5 22. Qd2 Qe5 23. Qd4 Qg5 24. Qd2 {½-½ (24) Mamedyarov,S (2772)-Radjabov,T (2710) Shamkir 2017}) 10... Nh5 {[%emt 0:13:49]} 11. g4 $146 {[%emt 0:03:05]} ({Predecessor:} 11. Nd5 a5 12. a4 h6 13. Rf2 Nf6 14. Bd2 Nxd5 15. cxd5 Nd4 16. Nxa5 c6 17. Nc4 cxd5 18. exd5 {0-1 (40) Vargas Maliqueo,I (2205)-Jorquera Cahuin,M (2296) Santiago de Chile 2007}) 11... Nf6 {[%emt 0:03:50]} 12. Bf4 {[%emt 0:01:37]} h5 {[%emt 0:15:23]} 13. g5 {[%emt 0:00:27]} (13. Bg5 $1 $11) 13... Nh7 {[%emt 0:02:06]} 14. Qd2 {[%emt 0:00:14]} Bh3 {[%emt 0:02:38]} 15. Rfd1 {[%emt 0:01:10]} Ne5 {[%emt 0:05:00]} (15... a5 $11) 16. Qe3 {[%emt 0:07:45]} a5 {[%emt 0:13:57]} 17. c5 {[%emt 0:15:55]} a4 {[%emt 0:00:05]} 18. Nc1 {[%emt 0:00:11]} (18. Nd4 $14) 18... a3 {[%emt 0:05:16]} 19. b4 {[%emt 0:04:29]} Qc8 {[%emt 0:00:27]} 20. Nb3 {[%emt 0:04:26]} dxc5 {[%emt 0:01:56]} 21. Nxc5 {[%emt 0:00:30]} b6 {[%emt 0:01:44]} 22. Nb3 {[%emt 0:00:17]} Be6 {[%emt 0:00:59]} 23. Nd4 {[%emt 0:00:22]} Nc4 {[%emt 0:04:32]} 24. Qf2 {[%emt 0:03:15]} Nb2 {[%emt 0:02:49]} 25. Rd2 {[%emt 0:01:18]} c5 {[%emt 0:00:31]} 26. bxc5 {[%emt 0:01:08]} Qxc5 {[%emt 0:03:42]} 27. Nxe6 {[%emt 0:02:51]} Qxc3 {[%emt 0:03:52]} ({Nicht} 27... Qxf2+ 28. Kxf2 Bxc3 29. Rc2 $16) 28. Nxg7 {[%emt 0:00:27]} Nd3 $1 {[%emt 0:00:27]} 29. Rxd3 {[%emt 0:05:29]} Qxa1+ {[%emt 0:00:04]} 30. Rd1 {[%emt 0:00:07]} Qxg7 {[%emt 0:00:07]} 31. Qxb6 {[%emt 0:00:31]} Nf8 {[%emt 0:00:42]} 32. Bb5 {[%emt 0:00:41]} Qb2 {[%emt 0:01:53]} 33. Bc7 {[%emt 0:13:53]} Rec8 {[%emt 0:01:19]} 34. Bf1 {[%emt 0:06:25]} Ne6 {[%emt 0:00:42]} 35. Rb1 {[%emt 0:03:39]} Qxb6+ {[%emt 0:01:55]} 36. Bxb6 {[%emt 0:00:02]} Rab8 {[%emt 0:00:04]} 37. Rb5 {[%emt 0:02:03]} Rc1 {[%emt 0:00:05]} 38. Kf2 $19 {[%emt 0:00:29]} Rc2+ {[%emt 0:00:06]} 0-1

[Event "XVI Gran Hotel Bali 2017"]
[Site "Benidorm"]
[Date "2017.12.05"]
[Round "6"]
[White "Nieves Cabanes, Javier"]
[Black "Gromovs, Sergejs"]
[Result "1/2-1/2"]
[WhiteElo "2184"]
[BlackElo "2257"]
[Annotator "TA"]
[PlyCount "71"]
[EventDate "2017.??.??"]
[EventType "swiss"]
[EventCountry "ESP"]
[SourceTitle "playchess.com"]
[Source "ChessBase"]
[SourceQuality "1"]

{[%evp 9,71,47,60,31,57,69,111,99,108,96,104,100,115,87,109,80,97,86,99,98,121,114,131,110,127,95,111,43,58,60,137,145,135,89,122,113,118,87,152,152,172,163,154,186,170,152,152,102,86,86,88,87,147,141,157,52,56,0,162,0,40,0,141,0]} 1. d4 d6 2. Nf3 Bg4 3. g3 e6 (3... Bxf3 4. exf3 g6 5. Bg2 Bg7 6. O-O d5 7. f4 e6 8. c3 Ne7 9. Nd2 Nd7 10. Nf3 c5 11. Ne5 cxd4 12. cxd4 O-O 13. Qb3 Rb8 14. Qa4 {½-½ (39) Li,C (2746)-Svidler,P (2745) Moscow 2016}) 4. Bg2 Nd7 5. c4 {[%cal Bc2c4,Bc4d5][%mdl 32]} c6 6. d5 {A41: 1 d4 d6: Tartakower System and Modern Defence} exd5 $146 ({Predecessor:} 6... Bxf3 7. Bxf3 cxd5 8. cxd5 e5 9. O-O Be7 10. Nc3 Ngf6 11. Qb3 Qb8 {1-0 (44) Pantsulaia,L (2586)-Gelazonia,P (2313) Poti 2010}) 7. cxd5 c5 8. Nfd2 {White is better.} Be7 9. Nc3 Bh5 10. O-O Ngf6 11. h3 h6 12. Nc4 O-O 13. a4 Nb6 14. Ne3 a5 15. Nf5 $1 Re8 16. Nxe7+ Qxe7 17. Qb3 Nbd7 18. Bf4 (18. f3 $16) 18... g5 $14 19. Bd2 b6 (19... c4 $14 20. Qb5 Nc5) 20. Rae1 $16 Rac8 21. Qc4 Bg6 22. Kh2 Ne5 23. Qb3 c4 (23... Ned7 $142) 24. Qxb6 Rb8 25. Qd4 Rxb2 26. Nb5 Ra2 27. Bxa5 {[%cal Bd2a5,Ba5c7,Bc7d6,Bd6e5][%mdl 32] Bb4 is the strong threat.} Rxa4 28. Bc7 Qd7 29. Bxd6 Qxb5 30. Bxe5 c3 (30... Nd7 $142) 31. Qxc3 Rc4 32. Qa1 (32. Bxf6 Rxc3 33. Bxc3 Be4 $11) ({Better is} 32. Qf3 $1 $16 {[%cal Rf3f6]} Nxd5 33. Ba1 (33. Qxd5 Rxe5 34. Qxb5 Rxb5 $16)) 32... Ra4 $1 $14 {[%cal Ra4a1]} 33. Qc3 (33. Qxa4 $1 $14 Qxa4 34. Bxf6) 33... Rc4 $1 $18 {[%cal Rc4c3] [#]} 34. Qa1 ({Inferior is} 34. Bxf6 Rxc3 35. Bxc3 Be4 $11) (34. Qf3 $1 $18 {[%cal Rf3f6]} Nxd5 35. Ba1 (35. Qxd5 Rc5 $16)) 34... Ra4 $1 $14 {[%cal Ra4a1]} 35. Qc3 ({Don't play} 35. Qb2 Rb4 $16) (35. Qxa4 $14 Qxa4 36. Bxf6) 35... Rc4 $1 $16 {[%cal Rc4c3] [#]} 36. Qa1 {Precision: White = 63%, Black = 60%.} ({Much worse is} 36. Bxf6 $6 Rxc3 37. Bxc3 Be4 $11) (36. Qf3 $1 $16 {[%cal Rf3f6]} Ne4 37. Ba1) 1/2-1/2